000 01547 a2200181 4500
001 140172
040 _cLeonardo Da Vinci
041 _aPortuguês
082 _a469.5 C977g
_bC977g
100 _aCUNHA, Celso Ferreira da
245 _aGramática moderna
250 _a2.ed
260 _bBernardo Álvares S/A
_c1970
_aBelo Horizonte
300 _a302
362 _a19700000
697 _aPortuguês
_aGramática
_aFonética
_aFonologia
_aFonema
_aFonemas sonoros
_aFonemas surdos
_aVogal
_aSemivogal
_aConsoante
_aEncontro vocálico
_aEncontro consonantal
_aDígrafos
_aDitongo
_aTritongo
_aHiato
_aSílabas
_aTonicidade
_aSílaba tônica
_aMonossílabos
_aOrtofonia
_aOrtoepia
_aOrtoépia
_aProsódia
_aOrtografia
_aAlfabeto
_aNotaçõs léxicas
_aOrientações ortográficas
_aGrafia
_aAbreviaturas
_aSiglas
_aFormas variantes
_aMaiúsculas
_aMinúsculas
_aDivisão silábica
_aHífen
_aAcentuação
_aMorfologia
_aEstrutura das palavras
_aMorfema
_aVogal de ligação
_aConsoante de ligação
_aRadicais
_aPrefixos
_aSufixos
_aFormação de palavras
_aMecanismos de flexão
_aSubstantivo
_aFlexão
_aAdjetivo
_aArtigo
_aNumeral
_aPronome
_aVerbos
_aModo verbais
_aModos nominais
_aVoz ativa
_aVoz passiva
_aVoz reflexiva
_aLocução verbal
_aConjugação verbal
_aAdvérbio
_aPreposição
_aConjunção
_aInterjeição
_aSintaxe
_aAnálise sintática
_aFrase
_aOração
_aPeríodo
_aVocativo
_aPontuação
_aRegência
_aCrase
_aConcordância
_aColocação prenominal
_aEstilística
_aFiguras de estilo
_aVícios de linguagem
_aDiscurso direto
_aDiscurso indireto
_aDiscurso indireto livre
_aEnsino Médio
942 _cBK
999 _c140172
_d140172